| 000 | 01318nam a2200349 c 4500 | ||
|---|---|---|---|
| 999 |
_c180059 _d180059 |
||
| 003 | BLK | ||
| 005 | 20220730114453.0 | ||
| 008 | 180411b bul|||||r ||||||| ||bul|| | ||
| 010 | _aKNG00188887000 | ||
| 020 | _a978-619-150-664-4 | ||
| 040 | _aBLK | ||
| 041 |
_aBUL _cBUL |
||
| 072 | 7 |
_2bullib _aН86 _xДетска отраслова литература Н |
|
| 080 |
_aИздания за деца и юноши. Книжки-картинки. Читанки. Вж и 372.4 _b087.5 _z087.5 |
||
| 100 | 1 |
_aКинг, Трей _eпърви автор _9342072 |
|
| 139 |
_aКинг, Трей _bК 54 |
||
| 245 | 1 | 0 |
_aМиньоните _bПътят за Злодейкон : Кн. със стикери _cТрей Кинг. |
| 257 | _aUSA | ||
| 260 |
_bКолибри _c2015 |
||
| 300 |
_a12 с. _bс цв. ил., 4 л. цв. стикери _c28 см |
||
| 380 | _aDN | ||
| 500 | _aОриг. загл.: Minions | ||
| 653 | _aдетска литература | ||
| 653 | _aкнижки-картинки | ||
| 653 | _aкнижки със стикери | ||
| 659 | _aН | ||
| 852 | _aЦб ІІ 21391 | ||
| 856 | 4 | _qpdf | |
| 856 | 4 | _qpdf | |
| 942 |
_cKNG _n0 _03 |
||
| 944 |
_aCR _c29.06.2016 _kВиолета_Тройчева |
||
| 944 |
_aED _c06.01.2017 _kВиолета_Тройчева |
||
| 999 | _d180059 | ||